All 7 Letter Words that Begin With H - Statistics

General Stats
  • This quiz has been taken 10 times
  • The average score is 215 of 1285
Answer Stats
% Correct
hackers
88%
hacking
88%
haggler
88%
haggles
88%
hallows
88%
halters
88%
hamming
88%
handled
88%
handler
88%
handles
88%
hangers
88%
harming
88%
hatters
88%
headers
88%
healers
88%
healing
88%
hearing
88%
heather
88%
heating
88%
heaumer
88%
heavens
88%
heaving
88%
heelers
88%
heeling
88%
helping
88%
hinting
88%
hundred
88%
hustler
88%
hustles
88%
haggled
75%
hailing
75%
hammers
75%
hampers
75%
hanging
75%
happens
75%
harmers
75%
heading
75%
heaping
75%
hearted
75%
hearths
75%
heaters
75%
heavier
75%
hedging
75%
heeding
75%
helmets
75%
helpers
75%
hemming
75%
herring
75%
hexagon
75%
hinters
75%
hitters
75%
hitting
75%
hocking
75%
holders
75%
holding
75%
hollies
75%
hooping
75%
hopping
75%
humbled
75%
humbler
75%
humbles
75%
hummers
75%
humming
75%
hungers
75%
hustled
75%
habitat
63%
habited
63%
hailers
63%
hairing
63%
halling
63%
halting
63%
handing
63%
harking
63%
harrows
63%
hastens
63%
hatting
63%
haulers
63%
hauling
63%
haunted
63%
haunter
63%
hawkers
63%
healthy
63%
hearers
63%
hearses
63%
heckler
63%
heckles
63%
heights
63%
heliums
63%
hemmers
63%
herders
63%
herding
63%
heroine
63%
hickory
63%
hillers
63%
hinders
63%
hingers
63%
hinging
63%
history
63%
hoarded
63%
hoarder
63%
hockers
63%
hockeys
63%
holiest
63%
hollers
63%
hollows
63%
hoopers
63%
hooting
63%
hoovers
63%
hopeful
63%
hoppers
63%
horsing
63%
hosting
63%
housers
63%
housing
63%
howlers
63%
howling
63%
hugging
63%
hulking
63%
humanly
63%
hunters
63%
hunting
63%
hurling
63%
hurried
63%
hurries
63%
hurters
63%
hurting
63%
hyphens
63%
hackies
50%
haggard
50%
hairier
50%
hallway
50%
halving
50%
hamlets
50%
handers
50%
handily
50%
hankers
50%
hankies
50%
happier
50%
happily
50%
hardens
50%
harmful
50%
harpers
50%
harping
50%
harries
50%
hashing
50%
hassled
50%
hassles
50%
hasting
50%
hatched
50%
hatcher
50%
hatches
50%
hawking
50%
hayseed
50%
hazings
50%
healths
50%
hearten
50%
heathen
50%
heavers
50%
heavied
50%
heavies
50%
heckled
50%
hedgers
50%
heedful
50%
hefting
50%
hellers
50%
helling
50%
heroins
50%
highest
50%
hilling
50%
hippies
50%
hissing
50%
hitched
50%
hitcher
50%
hitches
50%
hitless
50%
hoarser
50%
hobbled
50%
hobbler
50%
hobbles
50%
honesty
50%
hooding
50%
hooking
50%
hooters
50%
horrors
50%
hospice
50%
hostile
50%
hottest
50%
hounded
50%
hounder
50%
huddled
50%
huddler
50%
huddles
50%
huffing
50%
huggers
50%
hullers
50%
hulling
50%
humping
50%
hunkers
50%
hurlers
50%
hurrier
50%
hutches
50%
habitus
38%
hackery
38%
hackier
38%
hackles
38%
hacksaw
38%
hagging
38%
hambone
38%
hapless
38%
hardest
38%
hardier
38%
hardies
38%
harkens
38%
harmony
38%
harness
38%
harpies
38%
harried
38%
harrier
38%
harvest
38%
hashers
38%
hasters
38%
hastily
38%
hateful
38%
hatless
38%
hatreds
38%
havened
38%
hazards
38%
haziest
38%
headful
38%
hefters
38%
heftier
38%
heinous
38%
heiress
38%
helixes
38%
helming
38%
helpful
38%
hermits
38%
heroics
38%
hiccups
38%
hickies
38%
higgled
38%
higgler
38%
higgles
38%
hipping
38%
hipples
38%
hissers
38%
hoagies
38%
hobbies
38%
hobbing
38%
hobbits
38%
hoisted
38%
holiday
38%
holster
38%
hombres
38%
honkers
38%
honking
38%
honored
38%
honoree
38%
honours
38%
hoofing
38%
hookahs
38%
hookers
38%
hookier
38%
hookies
38%
hooples
38%
horning
38%
horsier
38%
hostels
38%
hostess
38%
hotting
38%
hovered
38%
hubbers
38%
huckles
38%
huggled
38%
huggles
38%
humaner
38%
humours
38%
hurdled
38%
hurdler
38%
hurdles
38%
hurtful
38%
hurtled
38%
hurtles
38%
husband
38%
hushing
38%
huskers
38%
huskier
38%
hutting
38%
hymnals
38%
haarder
25%
habitan
25%
hackman
25%
hackmen
25%
haddock
25%
hairies
25%
hairnet
25%
hairpin
25%
halfway
25%
halibut
25%
halites
25%
haloing
25%
halvers
25%
hammier
25%
hammock
25%
hamster
25%
handful
25%
handier
25%
handout
25%
hangars
25%
hangles
25%
hankled
25%
hankles
25%
hansels
25%
hansoms
25%
happing
25%
harbors
25%
harbour
25%
harlots
25%
harpist
25%
harsher
25%
harshly
25%
hastier
25%
hatchet
25%
havings
25%
hawkier
25%
hawkies
25%
hayride
25%
headier
25%
headily
25%
headman
25%
headmen
25%
headset
25%
headway
25%
hearken
25%
hearsay
25%
hearsed
25%
heavily
25%
hectors
25%
hedgier
25%
heisted
25%
heister
25%
hellier
25%
hellion
25%
hellish
25%
hempies
25%
herbals
25%
hernias
25%
herself
25%
hertzes
25%
hickeys
25%
hideout
25%
highway
25%
himself
25%
hobbers
25%
hobnail
25%
hoboing
25%
hoddled
25%
hoddles
25%
hoggers
25%
hoggies
25%
hogging
25%
hoister
25%
holland
25%
homeboy
25%
hominid
25%
honeyed
25%
honorer
25%
hooches
25%
hoochie
25%
hoodies
25%
hoofers
25%
hoppier
25%
horners
25%
hornier
25%
hornily
25%
hosiers
25%
hotched
25%
hotches
25%
hotness
25%
hotties
25%
hoverer
25%
howders
25%
hubbies
25%
hucking
25%
huffily
25%
huffles
25%
hulkier
25%
hummels
25%
hunched
25%
hunches
25%
hunkier
25%
huskies
25%
huskily
25%
husking
25%
hydrate
25%
hymning
25%
habitue
13%
haboobs
13%
hachure
13%
hackled
13%
hackler
13%
hackney
13%
hadarim
13%
hadings
13%
haffets
13%
hagbuts
13%
hagdons
13%
haggier
13%
hagride
13%
haircut
13%
hairdos
13%
halalah
13%
halberd
13%
halcyon
13%
halidom
13%
halogen
13%
haltere
13%
halvahs
13%
hamates
13%
hambers
13%
hambled
13%
hambles
13%
hanaper
13%
handcar
13%
handgun
13%
handsaw
13%
handset
13%
hangdog
13%
hangies
13%
hangman
13%
hangmen
13%
hangout
13%
hangtag
13%
Hanukah
13%
haplont
13%
haptics
13%
hardily
13%
hardtop
13%
haricot
13%
harmost
13%
harpins
13%
harpoon
13%
harshen
13%
hartals
13%
hashery
13%
hashish
13%
hashtag
13%
haslets
13%
hasping
13%
hasslet
13%
hassock
13%
hatchel
13%
hatpins
13%
hauberk
13%
haughty
13%
haulage
13%
haulier
13%
hautboy
13%
Havanas
13%
havered
13%
Hawkeye
13%
hawsers
13%
haylift
13%
hayloft
13%
haymows
13%
hayrack
13%
hayrick
13%
haysels
13%
haywire
13%
hazelly
13%
hazmats
13%
headbox
13%
headrig
13%
headsaw
13%
heatful
13%
Hebrews
13%
heddler
13%
heddles
13%
hedonic
13%
heeltap
13%
hegumen
13%
heifers
13%
heinies
13%
heiring
13%
helical
13%
helices
13%
helicon
13%
helipad
13%
helotry
13%
hematal
13%
hematic
13%
hematin
13%
hemlock
13%
henbane
13%
henpeck
13%
henries
13%
heparin
13%
hepcats
13%
heptads
13%
heptane
13%
heptode
13%
heralds
13%
herbage
13%
herbier
13%
heretic
13%
heritor
13%
hernial
13%
heroism
13%
heroize
13%
hessian
13%
hetchel
13%
heydays
13%
hibachi
13%
hidalgo
13%
hideous
13%
hijacks
13%
hillier
13%
hilltop
13%
himping
13%
hingles
13%
hinkier
13%
hinnies
13%
hiphops
13%
hipless
13%
hipness
13%
hippier
13%
hipster
13%
hirable
13%
hirples
13%
hissies
13%
histers
13%
histing
13%
histoid
13%
hoarier
13%
hoaxers
13%
hoaxing
13%
hobbied
13%
hockets
13%
hoedown
13%
hogback
13%
hogfish
13%
hoggery
13%
hoggets
13%
hoghead
13%
hoglike
13%
hogpens
13%
hokiest
13%
holdall
13%
holdout
13%
holdups
13%
holists
13%
hollins
13%
holloes
13%
holmium
13%
homages
13%
homiest
13%
homonym
13%
honchos
13%
hoodlum
13%
hookman
13%
hookmen
13%
hookups
13%
hooplas
13%
hoopoes
13%
Hoosier
13%
hoplite
13%
hormone
13%
hornets
13%
horrify
13%
horsily
13%
hoseman
13%
hosemen
13%
hosiery
13%
hostage
13%
hotbeds
13%
hotdogs
13%
hotfoot
13%
hothead
13%
hotline
13%
hotshot
13%
hotspot
13%
hotspur
13%
houghed
13%
hougher
13%
hoveler
13%
howdied
13%
howdies
13%
howding
13%
however
13%
huffier
13%
huffled
13%
huffler
13%
humbugs
13%
humerus
13%
humidly
13%
humidor
13%
humored
13%
Hunkies
13%
hussars
13%
hussies
13%
husting
13%
hutzpah
13%
huzzahs
13%
hybrids
13%
hydrols
13%
hymners
13%
hypered
13%
hyperin
13%
hyraxes
13%
haastia
0%
Habacuc
0%
haberah
0%
haberot
0%
habutae
0%
habutai
0%
hackbut
0%
hackees
0%
hackias
0%
hacklog
0%
hadadas
0%
hadbote
0%
hadbots
0%
haddest
0%
haddies
0%
Hadeans
0%
hadiths
0%
Hadjemi
0%
hadland
0%
Hadrami
0%
hadrome
0%
hadroms
0%
hadrons
0%
haemins
0%
hafnium
0%
hafting
0%
hagborn
0%
Hageman
0%
Hagenia
0%
hagfish
0%
Haggada
0%
haggish
0%
hagigah
0%
haglets
0%
hagmena
0%
hagrode
0%
hagseed
0%
hagworm
0%
hahamim
0%
hahnium
0%
haiaris
0%
haiduks
0%
haikals
0%
Hainais
0%
haining
0%
Haislas
0%
Haithal
0%
Haitian
0%
haitsai
0%
Hajemis
0%
hakafot
0%
hakamim
0%
halacha
0%
halakah
0%
halakha
0%
halakic
0%
halalas
0%
halates
0%
halavah
0%
halbert
0%
Halenia
0%
halesia
0%
halflin
0%
halides
0%
hallahs
0%
hallali
0%
hallans
0%
hallboy
0%
Hallels
0%
hallion
0%
hallock
0%
halloed
0%
halloes
0%
halloos
0%
halloth
0%
halsens
0%
halshed
0%
halshes
0%
halsing
0%
Halsted
0%
Haltica
0%
halukah
0%
halukas
0%
halutza
0%
halyard
0%
halzoun
0%
hamadas
0%
hamated
0%
hamatum
0%
hamburg
0%
hamelia
0%
hamfare
0%
Hamites
0%
Hamitic
0%
hamlike
0%
hammada
0%
hammals
0%
hammams
0%
hammily
0%
hamotzi
0%
hamsocn
0%
hamular
0%
hamulus
0%
hamzahs
0%
Hanbali
0%
handarm
0%
handbag
0%
handbow
0%
handjar
0%
handoff
0%
handsel
0%
hangrod
0%
hanguls
0%
Hanises
0%
Hankuls
0%
Hansard
0%
Hantiks
0%
hantles
0%
hanuman
0%
Hanunoo
0%
hapaxes
0%
hapkido
0%
haplite
0%
haploid
0%
Haplomi
0%
happify
0%
haptens
0%
haptera
0%
haptere
0%
haptors
0%
Hararis
0%
Haratin
0%
hardims
0%
hardish
0%
hardock
0%
hardpan
0%
harelip
0%
harfang
0%
Hariana
0%
harijan
0%
harissa
0%
Harlech
0%
harling
0%
harmala
0%
harmals
0%
harmans
0%
harmine
0%
harnpan
0%
haroses
0%
haroset
0%
harpago
0%
harpula
0%
harslet
0%
hartite
0%
Hartnup
0%
hashabs
0%
Hasidic
0%
Hasidim
0%
Hasinai
0%
Hassall
0%
hassars
0%
hassium
0%
Hassuna
0%
hastate
0%
hastula
0%
hatable
0%
hatband
0%
hatfuls
0%
hatsful
0%
Hattian
0%
Hattics
0%
hattock
0%
haunchy
0%
haupias
0%
haustra
0%
haustus
0%
hauteur
0%
hauynes
0%
havages
0%
Havaiki
0%
Havanan
0%
Havarti
0%
haverah
0%
haverel
0%
haverot
0%
haviors
0%
hawkbit
0%
hawkery
0%
hawkeys
0%
hawkish
0%
haybird
0%
haybote
0%
haycaps
0%
haycock
0%
hayfork
0%
haylage
0%
hayrigs
0%
hazanic
0%
hazanim
0%
hazanut
0%
Hazaras
0%
hazling
0%
headcap
0%
headend
0%
headpin
0%
healder
0%
heaumes
0%
hebonas
0%
Hebraic
0%
hechima
0%
Hechtia
0%
hectare
0%
hective
0%
hedebos
0%
hedeoma
0%
hederin
0%
heezing
0%
heftily
0%
hegaris
0%
hegemon
0%
hegiras
0%
heighth
0%
heiling
0%
heirdom
0%
heirmoi
0%
heirmos
0%
heishes
0%
heishis
0%
Hejazis
0%
hejiras
0%
helbehs
0%
helenin
0%
heliast
0%
heliced
0%
helicis
0%
helixin
0%
hellbox
0%
hellcat
0%
helldog
0%
Hellene
0%
helleri
0%
helodes
0%
helvine
0%
helvins
0%
helvite
0%
Helxine
0%
helzels
0%
hemapod
0%
hematid
0%
hemerae
0%
hemiepe
0%
hemiola
0%
hemipod
0%
hemippe
0%
hemixis
0%
hemline
0%
hemmels
0%
hemozoa
0%
henbill
0%
henbits
0%
henisms
0%
henleys
0%
hennaed
0%
hennery
0%
hennins
0%
henting
0%
henware
0%
henwife
0%
hepatic
0%
hepatis
0%
hepster
0%
heptene
0%
heptine
0%
heptose
0%
heptyls
0%
heptyne
0%
heraldy
0%
herbary
0%
herbish
0%
herblet
0%
herbose
0%
herbous
0%
herdboy
0%
herdics
0%
heredes
0%
hereout
0%
Hereros
0%
Herezes
0%
heriots
0%
Herizes
0%
herling
0%
Hermaic
0%
herniae
0%
heroess
0%
herolas
0%
heronry
0%
Heroult
0%
hership
0%
Hertwig
0%
herying
0%
Heshvan
0%
Hesione
0%
hessite
0%
hetaera
0%
hetaira
0%
heteros
0%
hetmans
0%
hewgags
0%
hexades
0%
hexadic
0%
hexamer
0%
hexanal
0%
hexanes
0%
hexapla
0%
hexapod
0%
hexarch
0%
hexaxon
0%
hexenes
0%
hexerei
0%
hexitol
0%
hexodes
0%
hexones
0%
hexosan
0%
hexoses
0%
hexynes
0%
Hibitos
0%
hicacos
0%
hicatee
0%
hiccans
0%
hickish
0%
Hicoria
0%
hicotea
0%
hicotee
0%
hidable
0%
hidages
0%
hidated
0%
Hidatsa
0%
hidlins
0%
hieland
0%
hielded
0%
Higashi
0%
highboy
0%
highish
0%
highlow
0%
hijabis
0%
hijinks
0%
hijrahs
0%
hikulis
0%
Hilaria
0%
hilched
0%
hilches
0%
hilding
0%
hillock
0%
himenes
0%
himines
0%
hinalea
0%
hindgut
0%
Hindoos
0%
hinmost
0%
hinokis
0%
hiodont
0%
hipline
0%
hippens
0%
hippest
0%
hippins
0%
hippish
0%
hippoid
0%
hipshot
0%
hircine
0%
hirling
0%
hirpled
0%
hirsels
0%
hirsled
0%
hirsles
0%
hirstie
0%
hirsute
0%
hirudin
0%
Hispano
0%
hispine
0%
hisself
0%
histone
0%
histrio
0%
Histrix
0%
Hittite
0%
Hivites
0%
Hivvite
0%
hoarily
0%
hoarsen
0%
hoasted
0%
hoatzin
0%
hobbils
0%
Hobbism
0%
Hobbist
0%
hobnobs
0%
hoboism
0%
Hockday
0%
hocused
0%
hocuses
0%
hoddens
0%
hodfuls
0%
Hodgkin
0%
hodsful
0%
hoecake
0%
hogbite
0%
hoggees
0%
hoggins
0%
hoggish
0%
hogherd
0%
hoglegs
0%
hoglets
0%
hogling
0%
hognose
0%
hognuts
0%
hogskin
0%
hogwash
0%
hogweed
0%
hogwort
0%
Hohokam
0%
hoicked
0%
hoising
0%
Hokeday
0%
Hokhmah
0%
Hokmahs
0%
holards
0%
holdman
0%
holdmen
0%
holidic
0%
holisms
0%
hollens
0%
holloed
0%
hollong
0%
holokus
0%
homager
0%
Homarus
0%
homburg
0%
homelyn
0%
homered
0%
Homeria
0%
Homeric
0%
hominal
0%
hominin
0%
hommock
0%
homoean
0%
homogen
0%
homoian
0%
homolog
0%
homonid
0%
homosex
0%
homrais
0%
homurai
0%
honiest
0%
Honiton
0%
hontish
0%
Honyock
0%
hoodcap
0%
hoodoos
0%
hooflet
0%
hoofrot
0%
hookeys
0%
hookish
0%
hooklet
0%
hooktip
0%
hookums
0%
hookupu
0%
hooleys
0%
hoolian
0%
hoolock
0%
hoondee
0%
hoondis
0%
hoopids
0%
hoopman
0%
hoopmen
0%
hoorahs
0%
hoorays
0%
hooshed
0%
hooshes
0%
hopbind
0%
hopbine
0%
hopbush
0%
hopeite
0%
hophead
0%
hoppets
0%
hoppled
0%
hopples
0%
hopsack
0%
hopsage
0%
hopseed
0%
hoptoad
0%
hopvine
0%
hopyard
0%
hoquets
0%
hordein
0%
hordeum
0%
Horites
0%
horizon
0%
horloge
0%
hormigo
0%
hormism
0%
horndog
0%
hornero
0%
hornify
0%
hornist
0%
hornito
0%
hornpie
0%
horrent
0%
hosanna
0%
hoshana
0%
hostler
0%
hotcake
0%
hotchas
0%
Hotnots
0%
hottens
0%
hottish
0%
houbara
0%
Houdans
0%
houhere
0%
hounces
0%
hourage
0%
housels
0%
Houston
0%
houting
0%
houtous
0%
houvari
0%
Hovenia
0%
howbeit
0%
howdahs
0%
howeled
0%
Howells
0%
howking
0%
howlets
0%
howlite
0%
Howship
0%
hoydens
0%
hryvnas
0%
hryvnia
0%
Hualpai
0%
Hualpis
0%
huanaco
0%
huarizo
0%
Huarpes
0%
huasima
0%
Huastec
0%
Huavean
0%
Huaxtec
0%
huayule
0%
Hubabos
0%
Hubbard
0%
Hubbite
0%
hubbubs
0%
hubcaps
0%
huchens
0%
Huchnom
0%
hueless
0%
huemuls
0%
huffcap
0%
huffish
0%
hugeous
0%
hugonis
0%
Huichol
0%
huipils
0%
huitain
0%
hukilau
0%
hulless
0%
hullion
0%
hullock
0%
hulocks
0%
hulsite
0%
hulvers
0%
humates
0%
humbird
0%
humdrum
0%
Humeans
0%
humects
0%
humeral
0%
humetty
0%
humhums
0%
Humians
0%
Humiria
0%
Humisms
0%
humites
0%
humlies
0%
hummock
0%
Hummums
0%
humoral
0%
humphed
0%
humpier
0%
humulon
0%
Humulus
0%
humuses
0%
hundert
0%
Hunnish
0%
huppahs
0%
huppoth
0%
hurdies
0%
hurgila
0%
hurkled
0%
hurkles
0%
hurlbat
0%
hurlies
0%
hurrahs
0%
hurrays
0%
Hurrian
0%
Hurrite
0%
hurrock
0%
huscarl
0%
hushaby
0%
hushful
0%
Hussism
0%
Hussite
0%
hutchet
0%
hutment
0%
hutuktu
0%
hutzpas
0%
Hutzuls
0%
Huygens
0%
huzzing
0%
hyaenic
0%
hyaenid
0%
hyaline
0%
hyalins
0%
hyalite
0%
hyaloid
0%
Hybodus
0%
hyboses
0%
hybosis
0%
hybrida
0%
hydatid
0%
hydnoid
0%
Hydnora
0%
hydrant
0%
hydrase
0%
hydriae
0%
hydride
0%
hydrion
0%
Hydriot
0%
hydroas
0%
hydroid
0%
hydrops
0%
hydrous
0%
hydroxy
0%
hydrula
0%
hyenoid
0%
hygeian
0%
hygeist
0%
hygiene
0%
hygrine
0%
hygroma
0%
Hylemya
0%
Hylidae
0%
Hylodes
0%
Hylomys
0%
hymenal
0%
hymenia
0%
hymnary
0%
hymnist
0%
hymnody
0%
hyperon
0%
hyphema
0%
hypnoid
0%
hypnone
0%
hypnums
0%
hypogea
0%
hypogee
0%
hypoids
0%
hypoing
0%
hyponym
0%
hypopus
0%
hypoxia
0%
hypoxic
0%
Hypoxis
0%
hyppish
0%
hypural
0%
hyraces
0%
hyracid
0%
hyssops
0%
hystrix
0%
No matching quizzes found
Score Distribution
Percent of People with Each Score
Percentile by Number Answered
Your Score History
You have not taken this quiz